Normal view
MARC view
- Rangawala
Entry Personal Name
001 - CONTROL NUMBER
- control field: 210
003 - CONTROL NUMBER IDENTIFIER
- control field: OSt
005 - DATE AND TIME OF LATEST TRANSACTION
- control field: 20150115130658.0
008 - FIXED-LENGTH DATA ELEMENTS
- fixed length control field: 150115|| aca||aabn | a|a d
040 ## - CATALOGING SOURCE
- Original cataloging agency: OSt
- Transcribing agency: OSt
100 ## - HEADING--PERSONAL NAME
- Personal name: Rangawala
670 ## - SOURCE DATA FOUND
- Source citation: Work cat.: (OSt): Rangawala , Water Supply and Sanitary Engineering (Environmental Engineering), 2012
